Southville International School and Colleges
Your cart is empty.
  • Cart
  • Lists
    Public lists Eva Luna New books Lux_list list_1
    Your lists Log in to create your own lists
  • Log in to your account
  • Your cookies
  • Search history
Southville International School and Colleges
  • Advanced search
  • Recent comments
  • Most popular
  • Libraries

Log in to your account

Log in with GOOGLE


If you do not have an external account, but do have a local account, you can still log in:

  1. Home
  2. MARC view: Effective human relations :
Normal view MARC view ISBD view

Effective human relations : (Record no. 288975)

[ view plain ]
MARC details
000 -LEADER
fixed length control field 00906cam a22002774a 4500
001 - CONTROL NUMBER
control field SSB062059
003 - CONTROL NUMBER IDENTIFIER
control field SISC
005 - DATE AND TIME OF LATEST TRANSACTION
control field 20170302082015.0
008 - FIXED-LENGTH DATA ELEMENTS--GENERAL INFORMATION
fixed length control field 090928s2010 ohua b 001 0 eng
010 ## - LIBRARY OF CONGRESS CONTROL NUMBER
LC control number 2009937999
020 ## - INTERNATIONAL STANDARD BOOK NUMBER
International Standard Book Number 9781133953197
040 ## - CATALOGING SOURCE
Original cataloging agency DLC
Transcribing agency DLC
050 00 - LIBRARY OF CONGRESS CALL NUMBER
Classification number HF 5548.8
Item number .R251 2014
100 1# - MAIN ENTRY--PERSONAL NAME
Personal name Reece, Barry L.
245 10 - TITLE STATEMENT
Title Effective human relations :
Remainder of title interpersonal and organizational applications /
Statement of responsibility, etc Barry L. Reece, Rhonda Brandt, Karen F. Howie.
250 ## - EDITION STATEMENT
Edition statement 12th edition.
260 ## - PUBLICATION, DISTRIBUTION, ETC. (IMPRINT)
Place of publication, distribution, etc Mason, OH :
Name of publisher, distributor, etc South-Western Cengage Learning,
Date of publication, distribution, etc 2014.
300 ## - PHYSICAL DESCRIPTION
Extent xxiv, 424 pages :
Other physical details illustrations ;
Dimensions 26 cm.
500 ## - GENERAL NOTE
General note Includes bibliographical references and indexes.
650 #0 - SUBJECT ADDED ENTRY--TOPICAL TERM
Topical term or geographic name as entry element Psychology, Industrial.
650 #0 - SUBJECT ADDED ENTRY--TOPICAL TERM
Topical term or geographic name as entry element Interpersonal relations.
650 #0 - SUBJECT ADDED ENTRY--TOPICAL TERM
Topical term or geographic name as entry element Personnel management.
700 1# - ADDED ENTRY--PERSONAL NAME
Personal name Brandt, Rhonda.
700 1# - ADDED ENTRY--PERSONAL NAME
Personal name Howie, Karen F.
942 ## - ADDED ENTRY ELEMENTS (KOHA)
Source of classification or shelving scheme Library of Congress Classification
Koha item type Books
Call number prefix Foreign
Holdings
Withdrawn status Lost status Source of classification or shelving scheme Damaged status Home library Current library Shelving location Date acquired Source of acquisition Cost, normal purchase price Sub Shelving location Total Checkouts Full call number Barcode Date last seen Date checked out Price effective from Koha item type
    Library of Congress Classification   College Library College Library Reserve Section 11/23/2015 Library Fund 12698.00   1 HF 5548.8 .R251 2014 C20292 05/15/2018 09/05/2017 11/23/2015 Books

Effective human relations :

APA

Reece B. L., Brandt R. & Howie K. F. (2014). Effective human relations. Mason, OH: South-Western Cengage Learning.

Chicago

Reece Barry L, Brandt Rhonda and Howie Karen F. 2014. Effective human relations. Mason, OH: South-Western Cengage Learning.

Harvard

Reece B. L., Brandt R. and Howie K. F. (2014). Effective human relations. Mason, OH: South-Western Cengage Learning.

MLA

Reece Barry L, Brandt Rhonda and Howie Karen F. Effective human relations. Mason, OH: South-Western Cengage Learning. 2014.

  • Place hold
  • Print
  • Cite
  • Add to your cart (remove)
  • Save record
    BIBTEX Dublin Core MARCXML MARC (non-Unicode/MARC-8) MARC (Unicode/UTF-8) MARC (Unicode/UTF-8, Standard) MODS (XML) RIS
  • More searches
    Search for this title in:
    Other Libraries (WorldCat) Other Databases (Google Scholar) Online Stores (Bookfinder.com) Open Library (openlibrary.org)

Exporting to Dublin Core...

SOUTHVILLE LIBRARY

Southville International School and Colleges Library

1281 Tropical Ave. Cor. Luxembourg St., BF Homes International, Las Pinas City

Tel. No. 8256374 / 252358 Loc. 117/146

Powered by Koha